Devine le joueur grâce à ses clubs #Très difficile 2 - Statistiques

Statistiques générales
  • Ce quiz a été pris 76 fois
    75 depuis la dernière actualisation
  • Le résultat moyen est 4 sur 10
Statistiques - réponses
Par images Réponse % Correct
Charlton
79%
Batistuta
70%
Frei
62%
Sagnol
55%
Honda
50%
Affelay
39%
Park Ji-sung
30%
Stekelenburg
26%
Sow
24%
Okocha
11%
Aucun quiz correspondant
Distribution des résultats
% des personnes avec chaque résultat
Percentile par nombre de réponses
Votre historique - résultats
Vous n’avez pas pris ce quiz depuis la dernière actualisation